Gaming Quiz

Random Gaming or Board Games Quiz

Candy Land Locations: Real or Fake? Quiz Stats

 Plays Quiz Updated Jun 15, 2017

Support Sporcle.
Go Orange.
Score 0/9 Timer 03:00
1 Play Today
% Correct
Gumdrop Mountains
73.9%
Peppermint Forest
71%
Lollipop Woods
68.1%
Candy Castle
61.5%
Molasses Swamp
60.7%
Licorice Castle
51.5%
Peanut Brittle House
51%
Gingerbread Plum Trees
48.5%
Ice Cream Sea
29.8%

You're not logged in!

Compare scores with friends on all Sporcle quizzes.
OR
Log In
Forgot?

From the Vault

NFL Single Season Passing TDs

by Ben

In 1959 when Johnny Unitas threw 32 touchdowns, that was considered a pretty big deal, nowadays even Carson Palmer can do it.
Remove Ads.
Support Sporcle.
Get the best of Sporcle when you Go Orange. This ad-free experience offers more features, more stats, and more fun while also helping to support Sporcle. Thank you for becoming a member.

Show Comments

Extras

Top Quizzes Today


Score Distribution

Your Account Isn't Verified!

In order to create a playlist on Sporcle, you need to verify the email address you used during registration. Go to your Sporcle Settings to finish the process.

Report this User

Report this user for behavior that violates our Community Guidelines.

Details: